000 00461nam a2200157Ia 4500
008 240729s9999 xx 000 0 und d
022 _a2251-6093
245 0 _aIranian Journal of Public Health
260 _aIran, Islamic Republic of
260 _bTehran University of Medical Sciences
650 _a Public aspects of medicine
650 _aMedicine
856 _uhttps://doaj.org/toc/cdbe77253d23455ba54eea158f4aa727
942 _2ddc
942 _cDOAJEJ
999 _c69987
_d69987
945 _a1
_bMadushi Gamage
_c1
_dMadushi Gamage